| 000 | 00000nam##2200000za#4500 |
| 001 | 9.699462 |
| 003 | CaOODSP |
| 005 | 20210625000406 |
| 007 | cr ||||||||||| |
| 008 | 150407|1953||||xxc|||||o f|0| 0 eng|d |
| 040 | |aCaOODSP|beng |
| 043 | |an-cn--- |
| 086 | 1 |aA53-883/1953E-PDF |
| 110 | 1 |aCanada.|bAgriculture Canada. |bExperimental Farms Service. |
| 245 | 10|aIrrigation farming in southern Alberta / |h[electronic resource]|c[by] K.W. Hill and A.E. Palmer. |
| 260 | |aOttawa - Ontario : |bAgriculture Canada. |c1953. |
| 300 | |a72p.|bfig., map, tables, photographs |
| 500 | |aHistorical publication digitized by Agriculture and Agri-Food Canada. |
| 590 | |a15-01-Supp|b2015-01-26 |
| 690 | 07|aFarming|2gcpds |
| 690 | 07|aCrops|2gcpds |
| 690 | 07|aIrrigation|2gcpds |
| 856 | 40|ahttp://publications.gc.ca|qPDF|s8.6 MB|uhttps://publications.gc.ca/collections/collection_2014/aac-aafc/agrhist/A53-883-1953-eng.pdf |
| 986 | |a883 |